[Event "Royal City Masters U2200"]
[Site "Guelph CAN"]
[Date "2025.08.06"]
[Round "9.33"]
[White "Blair, Michael"]
[Black "Obrovac, Zvonko"]
[Result "1-0"]
[WhiteElo "2139"]
[BlackElo "2084"]
[WhiteFideId "-1"]
[WhiteFideId "-1"]
[PlyCount "79"]
[GameId "2212173589942368"]
[EventDate "2025.08.01"]
[EventType "swiss"]
[EventRounds "9"]
[EventCountry "CAN"]

1. e4 c5 2. Nf3 Nc6 3. Bb5 e6 4. Bxc6 bxc6 5. d3 Ne7 6. Qe2 Ng6 7. h4 Be7 8. e5 f6 9. h5 Nxe5 10. Nxe5 fxe5 11. h6 g6 12. Qxe5 Rf8 13. Nc3 d6 14. Qg7 Rf7 15. Qg8+ Bf8 16. Ne4 Qc7 17. Bg5 Rb8 18. Nf6+ Rxf6 19. Bxf6 Qf7 20. Qxf7+ Kxf7 21. Bg5 Rxb2 22. Kd2 Rb4 23. f3 e5 24. a3 Rb5 25. a4 Rb4 26. Rhb1 Ke6 27. c3 Rxb1 28. Rxb1 Kd7 29. a5 Kc7 30. f4 exf4 31. Rf1 Kd7 32. Rxf4 Ke8 33. Rf1 d5 34. g3 Be6 35. Rb1 Bd6 36. Bf4 Be7 37. Rb8+ Kf7 38. Rh8 Bf5 39. Rxh7+ Kf8 40. Rxe7 1-0

[Event "Royal City Masters U2200"]
[Site "Guelph CAN"]
[Date "2025.08.06"]
[Round "9.34"]
[White "Zhan, Jayden"]
[Black "Nassif, Aba"]
[Result "0-1"]
[WhiteElo "2030"]
[BlackElo "2100"]
[WhiteFideId "-1"]
[WhiteFideId "-1"]
[PlyCount "84"]
[GameId "2212173589942369"]
[EventDate "2025.08.01"]
[EventType "swiss"]
[EventRounds "9"]
[EventCountry "CAN"]

1. e4 c5 2. Nf3 g6 3. d3 Bg7 4. g3 Nc6 5. Bg2 b5 6. c3 Qb6 7. O-O Nf6 8. h3 a5 9. Re1 O-O 10. Nbd2 a4 11. Nf1 e5 12. Ne3 d6 13. Kh1 Be6 14. Nh4 Rad8 15. f4 exf4 16. gxf4 Bc8 17. Nf3 d5 18. exd5 Nxd5 19. Nxd5 Rxd5 20. Ne5 Bb7 21. Bxd5 Nxe5 22. fxe5 Bxd5+ 23. Kh2 Qe6 24. Bf4 Bxa2 25. Qd2 Bd5 26. Qe3 Rc8 27. Rad1 Bf8 28. Rf1 c4 29. d4 b4 30. cxb4 Rb8 31. Bg5 Rxb4 32. Rd2 Rb3 33. Rf6 Qc8 34. Qxb3 cxb3 35. Rdf2 Be7 36. Rd6 Bxg5 37. Rxd5 Be3 38. Re2 Qc2 39. Rxc2 bxc2 40. Rc5 c1=Q 41. Rxc1 Bxc1 42. d5 Bxb2 0-1

[Event "Royal City Masters U2200"]
[Site "Guelph CAN"]
[Date "2025.08.06"]
[Round "9.36"]
[White "Fu, Ashley"]
[Black "Satish Alwar, Dharsan"]
[Result "1/2-1/2"]
[WhiteElo "1867"]
[BlackElo "1792"]
[WhiteFideId "-1"]
[WhiteFideId "-1"]
[PlyCount "38"]
[GameId "2212173589942370"]
[EventDate "2025.08.01"]
[EventType "swiss"]
[EventRounds "9"]
[EventCountry "CAN"]

1. e4 e6 2. d4 d5 3. Nc3 dxe4 4. Nxe4 Nd7 5. Nf3 Ngf6 6. Nxf6+ Nxf6 7. Bd3 Be7 8. O-O O-O 9. c3 b6 10. Bc2 Bb7 11. Qd3 Be4 12. Qe2 Qd5 13. Bxe4 Qxe4 14. Qxe4 Nxe4 15. c4 Rfd8 16. Re1 Nf6 17. Bf4 Bd6 18. Bg5 Be7 19. Bf4 Bd6 1/2-1/2

[Event "Royal City Masters U2200"]
[Site "Guelph CAN"]
[Date "2025.08.06"]
[Round "9.37"]
[White "Jung, Hans"]
[Black "Cheung, Oscar"]
[Result "0-1"]
[WhiteElo "2047"]
[BlackElo "1815"]
[WhiteFideId "-1"]
[WhiteFideId "-1"]
[PlyCount "72"]
[GameId "2212173589942371"]
[EventDate "2025.08.01"]
[EventType "swiss"]
[EventRounds "9"]
[EventCountry "CAN"]

1. Nc3 d5 2. e4 d4 3. Nce2 e5 4. Ng3 Be6 5. Nf3 Bd6 6. h4 f6 7. h5 Ne7 8. Be2 a6 9. Nh2 c5 10. Bg4 Qd7 11. Qf3 Rf8 12. Nf5 Bxf5 13. exf5 h6 14. Qg3 Nbc6 15. Bh3 Nd5 16. a3 O-O-O 17. d3 e4 18. Qg4 exd3 19. O-O dxc2 20. Qe2 Nf4 21. Bxf4 Bxf4 22. Qxc2 Bd6 23. Nf3 Kb8 24. Kh1 Rc8 25. Rfe1 Ne5 26. Nxe5 Bxe5 27. Rxe5 fxe5 28. f6 Qf7 29. fxg7 Qxg7 30. Bxc8 Rxc8 31. Qe4 Qg5 32. g4 Rg8 33. f3 Qh4+ 34. Kg2 Qxh5 35. Rh1 Qg5 36. Rh5 Qxh5 0-1

[Event "Royal City Masters U2200"]
[Site "Guelph CAN"]
[Date "2025.08.06"]
[Round "9.38"]
[White "Syed, Farhaan"]
[Black "Leliveld, Andrew"]
[Result "1-0"]
[WhiteElo "1815"]
[BlackElo "1969"]
[WhiteFideId "-1"]
[WhiteFideId "-1"]
[PlyCount "121"]
[GameId "2212173589942372"]
[EventDate "2025.08.01"]
[EventType "swiss"]
[EventRounds "9"]
[EventCountry "CAN"]

1. d4 Nf6 2. Nc3 e6 3. Bf4 b6 4. Nf3 Bb7 5. e3 d6 6. Be2 Nbd7 7. O-O Be7 8. Re1 Ne4 9. Nxe4 Bxe4 10. Nd2 Bb7 11. h3 O-O 12. Bf3 Bxf3 13. Nxf3 d5 14. Rc1 b5 15. c3 c5 16. Ne5 Nxe5 17. Bxe5 f6 18. Bg3 f5 19. Be5 c4 20. Qc2 Qd7 21. Rb1 Bd6 22. Bxd6 Qxd6 23. a4 Rfb8 24. b3 cxb3 25. Qxb3 a6 26. axb5 Rxb5 27. Qa4 Rab8 28. Rxb5 Rxb5 29. Ra1 Rb6 30. c4 dxc4 31. Qxc4 Kf7 32. g3 Qc6 33. Qxc6 Rxc6 34. Kf1 Ke7 35. Ke2 Kd7 36. Kd3 Kc7 37. Rb1 a5 38. Rb5 Ra6 39. Kc4 a4 40. Rb2 a3 41. Ra2 Kd6 42. f3 e5 43. dxe5+ Kxe5 44. Kb4 g5 45. Rxa3 Rxa3 46. Kxa3 f4 47. gxf4+ gxf4 48. e4 Kd4 49. Kb3 Ke3 50. e5 Kxf3 51. e6 Kg2 52. e7 f3 53. e8=Q f2 54. Qe4+ Kg1 55. Qg4+ Kh1 56. Qf3+ Kg1 57. Qg3+ Kf1 58. Kc2 h5 59. Kd3 h4 60. Qxh4 Kg1 61. Qxf2+ 1-0

[Event "Royal City Masters U2200"]
[Site "Guelph CAN"]
[Date "2025.08.06"]
[Round "9.40"]
[White "Tian, Dylan"]
[Black "Pottinger, Carl"]
[Result "0-1"]
[WhiteElo "1769"]
[BlackElo "1710"]
[WhiteFideId "-1"]
[WhiteFideId "-1"]
[PlyCount "90"]
[GameId "2212173589942373"]
[EventDate "2025.08.01"]
[EventType "swiss"]
[EventRounds "9"]
[EventCountry "CAN"]

1. Nf3 g6 2. g3 Bg7 3. Bg2 c5 4. c4 Nf6 5. Nc3 O-O 6. O-O Nc6 7. e3 d6 8. a3 Bg4 9. h3 Be6 10. d3 Qc8 11. Kh2 h6 12. Qe2 a6 13. Rb1 Rb8 14. Bd2 b5 15. Ne1 bxc4 16. dxc4 Ne5 17. Nd5 Nxd5 18. cxd5 Bd7 19. Bc3 Bb5 20. Qc2 Bxf1 21. Bxf1 Nd7 22. Nf3 Bxc3 23. Qxc3 Qb7 24. e4 Qb6 25. Qe3 Kh7 26. g4 a5 27. Nd2 Qc7 28. f4 e6 29. Bc4 Nb6 30. dxe6 Nxc4 31. Nxc4 fxe6 32. e5 d5 33. Nd6 c4 34. a4 Rb3 35. Qf2 Qb6 36. Qh4 Rxb2+ 37. Rxb2 Qxb2+ 38. Kh1 Qc1+ 39. Kg2 Qd2+ 40. Kh1 g5 41. Qg3 Rxf4 42. Qg1 Rf2 43. Qb1+ Qc2 44. Qg1 c3 45. Ne8 Qe4+ 0-1

[Event "Scarborough CC Winter Swiss"]
[Site "Toronto CAN"]
[Date "2025.02.13"]
[Round "1.1"]
[White "Mutyalapati, Modith Aaroh"]
[Black "Pan, Julian"]
[Result "0-1"]
[WhiteElo "2174"]
[BlackElo "1847"]
[WhiteFideId "-1"]
[WhiteFideId "-1"]
[PlyCount "98"]
[GameId "2227396609445193"]
[EventDate "2025.02.13"]
[EventType "swiss"]
[EventRounds "7"]
[EventCountry "CAN"]

1. d4 d5 2. c4 e6 3. g3 Nf6 4. Nc3 Bb4 5. Bg2 O-O 6. a3 Bxc3+ 7. bxc3 h6 8. Qc2 Qe7 9. a4 Rd8 10. Ba3 Qe8 11. Nf3 Bd7 12. Bc1 Bc6 13. Bf4 Qe7 14. Ne5 Nh5 15. Bd2 Nd7 16. Nxc6 bxc6 17. O-O Nb6 18. cxd5 cxd5 19. e4 Nf6 20. e5 Nfd7 21. f4 f6 22. Bh3 f5 23. Bc1 Nc4 24. g4 g6 25. Kh1 Kh8 26. Rg1 a5 27. Bf1 Ndb6 28. Qg2 Rg8 29. Qh3 Kh7 30. Be2 Qf7 31. Be3 Raf8 32. Bf2 Nd2 33. Be3 Nbc4 34. g5 h5 35. Bxd2 Nxd2 36. Rg2 Ne4 37. Rag1 Kh8 38. Bxh5 Qh7 39. Bg4 fxg4 40. Qxg4 Qh5 41. Qxh5+ gxh5 42. Rf1 Rxg5 43. Rb2 Rgf5 44. Rb7 Rxf4 45. Rxf4 Rxf4 46. Rxc7 Rg4 47. h3 Rg3 48. c4 dxc4 49. Rxc4 Rc3 0-1

[Event "Scarborough CC Winter Swiss"]
[Site "Toronto CAN"]
[Date "2025.02.13"]
[Round "1.2"]
[White "Chen, Timmy"]
[Black "Deepak, Laksshana"]
[Result "0-1"]
[WhiteElo "1755"]
[BlackElo "2145"]
[WhiteFideId "-1"]
[WhiteFideId "-1"]
[PlyCount "60"]
[GameId "2227428725280084"]
[EventDate "2025.02.13"]
[EventType "swiss"]
[EventRounds "7"]
[EventCountry "CAN"]

1. e4 e6 2. d4 d5 3. Nc3 Nf6 4. e5 Nfd7 5. f4 c5 6. Nf3 Nc6 7. Be3 Qb6 8. Na4 Qa5+ 9. c3 b6 10. a3 c4 11. b4 cxb3 12. Qxb3 Ba6 13. Kf2 Rc8 14. Bd2 Bxf1 15. Rhxf1 Qa6 16. Nb2 g6 17. c4 dxc4 18. Nxc4 Nxd4 19. Nd6+ Bxd6 20. Nxd4 Bc5 21. Be3 Bxd4 22. Bxd4 Nc5 23. Qe3 O-O 24. h4 Qd3 25. Bxc5 Qc2+ 26. Kf3 Qxc5 27. Qe2 Qc3+ 28. Kg4 h5+ 29. Kg5 f6+ 30. exf6 Qxf6+ 0-1

[Event "Scarborough CC Winter Swiss"]
[Site "Toronto CAN"]
[Date "2025.02.13"]
[Round "1.3"]
[White "Yang, Larry"]
[Black "Gummadi, Bhargav Ram"]
[Result "1-0"]
[WhiteElo "2104"]
[BlackElo "1752"]
[WhiteFideId "-1"]
[WhiteFideId "-1"]
[PlyCount "81"]
[GameId "2227431777287516"]
[EventDate "2025.02.13"]
[EventType "swiss"]
[EventRounds "7"]
[EventCountry "CAN"]

1. e4 e5 2. Nf3 Nc6 3. Bc4 Nf6 4. d3 d6 5. Ng5 d5 6. exd5 Na5 7. O-O Nxc4 8. dxc4 h6 9. Nf3 Bg4 10. Re1 e4 11. Nc3 Be7 12. Nxe4 O-O 13. Nxf6+ Bxf6 14. h3 Bh5 15. g4 Bg6 16. c3 Qd6 17. Be3 b6 18. Bd4 Rfe8 19. Bxf6 Qxf6 20. Nd4 Be4 21. f3 Bg6 22. Qd2 Qh4 23. Kg2 Rf8 24. Qf2 Qf6 25. Nc6 Kh8 26. Re7 Bd3 27. b3 Rfe8 28. Rae1 Rxe7 29. Rxe7 h5 30. Qd4 Bb1 31. Qxf6 gxf6 32. a4 hxg4 33. fxg4 Rg8 34. Rxc7 Bc2 35. Nd4 Be4+ 36. Kg3 Kg7 37. Kf4 Bg2 38. h4 Re8 39. d6 Re4+ 40. Kg3 Bf1 41. d7 1-0

[Event "Scarborough CC Winter Swiss"]
[Site "Toronto CAN"]
[Date "2025.02.13"]
[Round "1.4"]
[White "Balakrishnan, Shankar"]
[Black "Zhang, Daniel"]
[Result "0-1"]
[WhiteElo "1748"]
[BlackElo "2096"]
[WhiteFideId "-1"]
[WhiteFideId "-1"]
[PlyCount "108"]
[GameId "2227433581461600"]
[EventDate "2025.02.13"]
[EventType "swiss"]
[EventRounds "7"]
[EventCountry "CAN"]

1. e4 c5 2. Nc3 Nc6 3. f4 g6 4. Nf3 Bg7 5. d3 d6 6. g3 Nf6 7. Bg2 O-O 8. O-O Rb8 9. a4 a6 10. h3 b5 11. axb5 axb5 12. Kh2 b4 13. Ne2 Qc7 14. Nd2 e6 15. Qe1 Nd4 16. Qd1 Bb7 17. c3 bxc3 18. bxc3 Nxe2 19. Qxe2 Nd7 20. Bb2 Bc6 21. Nf3 Rb3 22. Rac1 Qb7 23. Ba1 c4 24. dxc4 Bxe4 25. Nd4 Bxg2 26. Qxg2 Qxg2+ 27. Kxg2 Ra3 28. Nb5 Ra6 29. Rfd1 Rc6 30. Rxd6 Rxd6 31. Nxd6 Ra8 32. Rb1 Ra6 33. Nb5 Kf8 34. Kf3 Rc6 35. Rd1 Nb6 36. Nd4 Rxc4 37. Bb2 Na4 38. Ba3+ Kg8 39. Ne2 Bf6 40. Bb4 Kg7 41. Rd3 Nb6 42. g4 h6 43. Bd6 g5 44. Be5 Bxe5 45. fxe5 Rc5 46. Re3 Nc4 47. Re4 Nd2+ 48. Ke3 Nxe4 49. Kxe4 f6 50. exf6+ Kxf6 51. Kd4 Rd5+ 52. Ke3 Rd1 53. Ng3 Ke5 54. Kf3 Rd3+ 0-1

[Event "Scarborough CC Winter Swiss"]
[Site "Toronto CAN"]
[Date "2025.02.13"]
[Round "1.5"]
[White "Wang, Nathan Zian"]
[Black "Lin, Ryder"]
[Result "1-0"]
[WhiteElo "2091"]
[BlackElo "1744"]
[WhiteFideId "-1"]
[WhiteFideId "-1"]
[PlyCount "51"]
[GameId "2227438095855723"]
[EventDate "2025.02.13"]
[EventType "swiss"]
[EventRounds "7"]
[EventCountry "CAN"]

1. e4 e5 2. Nf3 Nc6 3. Bc4 Nf6 4. d3 Be7 5. O-O d6 6. a4 O-O 7. Nc3 Bg4 8. h3 Bh5 9. g4 Bg6 10. Nd5 Nxd5 11. Bxd5 Kh8 12. Kg2 Qd7 13. Be3 Nd8 14. b4 c6 15. Ba2 Ne6 16. Qd2 f6 17. Rab1 Nc7 18. Nh4 Bf7 19. Bxf7 Rxf7 20. f4 Raf8 21. f5 b6 22. Ng6+ hxg6 23. fxg6 Kg8 24. Rf5 d5 25. Qf2 dxe4 26. Qh4 1-0

[Event "Scarborough CC Winter Swiss"]
[Site "Toronto CAN"]
[Date "2025.02.13"]
[Round "1.6"]
[White "Chamberland, Luc"]
[Black "Blakely, Matt"]
[Result "1/2-1/2"]
[WhiteElo "1736"]
[BlackElo "2079"]
[WhiteFideId "-1"]
[WhiteFideId "-1"]
[PlyCount "115"]
[GameId "2227444229292147"]
[EventDate "2025.02.13"]
[EventType "swiss"]
[EventRounds "7"]
[EventCountry "CAN"]

1. e4 c5 2. c3 Nf6 3. e5 Nd5 4. d4 cxd4 5. Nf3 Nc6 6. cxd4 d6 7. Bc4 Nb6 8. Bb5 dxe5 9. Nxe5 Bd7 10. Bxc6 Bxc6 11. Nxc6 bxc6 12. O-O e6 13. Nc3 Be7 14. Be3 O-O 15. Qf3 Rc8 16. Rfd1 Nc4 17. b3 Nxe3 18. fxe3 Qa5 19. Rac1 Bb4 20. Na4 Qd5 21. Rc4 Ba3 22. Nc3 Qd7 23. Ne4 Rfd8 24. Rd2 Qe7 25. Rdc2 e5 26. Ng3 exd4 27. Nf5 Qe5 28. Nxd4 c5 29. Nf5 Qf6 30. Rg4 g6 31. Nh6+ Kg7 32. Qxf6+ Kxf6 33. Rf4+ Kg7 34. Nxf7 Rd1+ 35. Kf2 Re8 36. Ng5 Bc1 37. Re2 h6 38. Nf3 Rd3 39. Ra4 Bxe3+ 40. Ke1 Red8 41. Rxa7+ Kf6 42. Kf1 R8d6 43. Ne1 Rc3 44. g3 c4 45. Rb7 Rd1 46. Kg2 Bd4 47. Nf3 Bc5 48. bxc4 g5 49. Ne5 Bd4 50. Nf3 Bc5 51. Ne5 Bd4 52. Nf3 Be3 53. g4 h5 54. h3 hxg4 55. hxg4 Bc5 56. Rc7 Rxc4 57. Rc6+ Kg7 58. Rc7+ 1/2-1/2

[Event "Scarborough CC Winter Swiss"]
[Site "Toronto CAN"]
[Date "2025.02.13"]
[Round "1.7"]
[White "Anish, Diganth"]
[Black "Kola, Venkat Karthikeya R"]
[Result "0-1"]
[WhiteElo "1688"]
[BlackElo "2073"]
[WhiteFideId "-1"]
[WhiteFideId "-1"]
[PlyCount "94"]
[GameId "2227462589091966"]
[EventDate "2025.02.13"]
[EventType "swiss"]
[EventRounds "7"]
[EventCountry "CAN"]

1. e4 c5 2. Nf3 d6 3. d4 cxd4 4. Nxd4 Nf6 5. Nc3 a6 6. Be3 e5 7. Nb3 Be7 8. Bc4 Be6 9. Bxe6 fxe6 10. f3 d5 11. Bf2 O-O 12. O-O Nc6 13. Nc5 d4 14. Nxe6 Qc8 15. Nxf8 dxc3 16. Nxh7 Kxh7 17. bxc3 Qe6 18. Qe2 Na5 19. Rfe1 Rc8 20. Qd3 Rd8 21. Qe2 Rc8 22. Qd3 Kg8 23. Bh4 Ng4 24. fxg4 Bxh4 25. g3 Rd8 26. Qf3 Bg5 27. Rad1 Rf8 28. Qg2 Nc4 29. Rd3 Qb6+ 30. Kh1 Rf2 31. Qh3 Qf6 32. Kg1 Be3 33. Rdxe3 Nxe3 34. Rxe3 Rxc2 35. Qf1 Qb6 36. Qe1 Qb2 37. Rf3 Rc1 38. Qxc1 Qxc1+ 39. Rf1 Qxc3 40. Kg2 Qc2+ 41. Rf2 Qxe4+ 42. Kh3 b5 43. Rd2 Qc4 44. Rd8+ Kh7 45. Kh4 e4 46. g5 e3+ 47. Kh5 g6# 0-1

[Event "Scarborough CC Winter Swiss"]
[Site "Toronto CAN"]
[Date "2025.02.13"]
[Round "1.8"]
[White "Chen, Larry Zhou"]
[Black "Yang, Lucy"]
[Result "1-0"]
[WhiteElo "1961"]
[BlackElo "1674"]
[WhiteFideId "-1"]
[WhiteFideId "-1"]
[PlyCount "55"]
[GameId "2227467516420272"]
[EventDate "2025.02.13"]
[EventType "swiss"]
[EventRounds "7"]
[EventCountry "CAN"]

1. d4 d5 2. c4 e6 3. Nf3 Nf6 4. Bf4 Be7 5. Nc3 O-O 6. e3 c6 7. Bd3 Nbd7 8. Rc1 b6 9. Qa4 Bb7 10. cxd5 Nxd5 11. Nxd5 cxd5 12. Rc7 Bc8 13. Qc6 e5 14. Nxe5 Nxe5 15. Bxe5 Bb4+ 16. Ke2 Be6 17. a3 Be7 18. Ba6 Bf6 19. Bg3 Re8 20. Bb7 Rb8 21. Qa4 a5 22. Rhc1 g6 23. Kf1 Bf5 24. Qb3 Be6 25. Qxb6 Re7 26. Qa7 Re8 27. R1c5 Be7 28. Rb5 1-0

[Event "Scarborough CC Winter Swiss"]
[Site "Toronto CAN"]
[Date "2025.02.13"]
[Round "1.9"]
[White "Kola, Venkata Saket Reddy"]
[Black "Southam, David"]
[Result "0-1"]
[WhiteElo "1701"]
[BlackElo "2045"]
[WhiteFideId "-1"]
[WhiteFideId "-1"]
[PlyCount "90"]
[GameId "2227470937923768"]
[EventDate "2025.02.13"]
[EventType "swiss"]
[EventRounds "7"]
[EventCountry "CAN"]

1. d4 e6 2. Bf4 d5 3. e3 Nf6 4. Nf3 Bd6 5. Bxd6 Qxd6 6. c4 O-O 7. Nc3 c6 8. cxd5 exd5 9. Bd3 Re8 10. h3 Nbd7 11. O-O Qe7 12. Qc2 Ne4 13. Nd2 f5 14. Rae1 Nf8 15. f3 Nxd2 16. Qxd2 Qg5 17. Qf2 Be6 18. f4 Qe7 19. Ne2 Nd7 20. Qg3 Nf6 21. Qg5 Ne4 22. Qxe7 Rxe7 23. Bxe4 dxe4 24. b3 Rd7 25. Rc1 Kf7 26. Nc3 Bd5 27. Rfd1 h6 28. g4 Kf6 29. b4 a6 30. Na4 Rg8 31. Nb6 Rd6 32. Nc4 Bxc4 33. Rxc4 g5 34. Rc5 Rd5 35. Kf2 gxf4 36. exf4 fxg4 37. Rxd5 g3+ 38. Kg2 cxd5 39. f5 Kxf5 40. Rf1+ Ke6 41. h4 Rg4 42. Rf8 Rxh4 43. Kxg3 Rh1 44. Re8+ Kd7 45. Re5 Kd6 0-1

[Event "Scarborough CC Winter Swiss"]
[Site "Toronto CAN"]
[Date "2025.02.13"]
[Round "1.10"]
[White "Vetrivel, Jai Hanuj"]
[Black "Hong, Zihan"]
[Result "0-1"]
[WhiteElo "1636"]
[BlackElo "1953"]
[WhiteFideId "-1"]
[WhiteFideId "-1"]
[PlyCount "42"]
[GameId "2227472463528128"]
[EventDate "2025.02.13"]
[EventType "swiss"]
[EventRounds "7"]
[EventCountry "CAN"]

1. c4 c5 2. Nc3 Nc6 3. g3 g6 4. Bg2 Bg7 5. d3 e5 6. e4 d6 7. Nge2 h5 8. Nd5 h4 9. f4 Bg4 10. Qb3 Qd7 11. Qa4 Bxe2 12. Nb6 Qd8 13. Nxa8 Bg4 14. fxe5 Bxe5 15. Bf4 Qxa8 16. Bxe5 dxe5 17. O-O hxg3 18. hxg3 Qd8 19. Bf3 Qd4+ 20. Rf2 Bxf3 21. Qxc6+ bxc6 0-1

[Event "Scarborough CC Winter Swiss"]
[Site "Toronto CAN"]
[Date "2025.02.13"]
[Round "1.11"]
[White "Varakunan, Cadiron"]
[Black "Vo, Timothy"]
[Result "1-0"]
[Annotator "hugh_"]
[WhiteElo "1915"]
[BlackElo "1634"]
[WhiteFideId "-1"]
[WhiteFideId "-1"]
[PlyCount "59"]
[GameId "2227473453293768"]
[EventDate "2025.02.13"]
[EventType "swiss"]
[EventRounds "7"]
[EventCountry "CAN"]

1. e4 c6 2. d4 d5 3. e5 c5 4. dxc5 e6 5. Nf3 Bxc5 6. Bd3 Ne7 7. O-O Ng6 8. Re1 O-O 9. a3 a5 10. Nbd2 Qc7 11. g3 Nd7 12. Qe2 Be7 13. Nb3 a4 14. Nbd4 Nc5 15. Bg5 Nxd3 16. Qxd3 Bd7 17. Bxe7 Nxe7 18. h4 h6 19. h5 Rfc8 20. g4 Qc4 21. Qd2 Ra6 22. c3 Rb6 23. Kh2 Bb5 24. Re3 Ba6 25. g5 hxg5 26. Kh3 g4+ 27. Kxg4 Nf5 28. Re2 Qd3 29. Qg5 Nxd4 30. Nxd4 {Moves missing. Both scoresheets have 30... Rxd4 31. cxd4 Qxd4.} 1-0

[Event "Scarborough CC Winter Swiss"]
[Site "Toronto CAN"]
[Date "2025.02.13"]
[Round "1.12"]
[White "Surendran, Siddharth"]
[Black "Ma, Quentin"]
[Result "1/2-1/2"]
[WhiteElo "1618"]
[BlackElo "1855"]
[WhiteFideId "-1"]
[WhiteFideId "-1"]
[PlyCount "58"]
[GameId "2227477593866850"]
[EventDate "2025.02.13"]
[EventType "swiss"]
[EventRounds "7"]
[EventCountry "CAN"]

1. d4 Nf6 2. Nc3 g6 3. e4 d6 4. Nf3 Bg7 5. Be2 O-O 6. O-O Nbd7 7. e5 dxe5 8. dxe5 Ng4 9. e6 Nde5 10. Nxe5 Qxd1 11. exf7+ Rxf7 12. Rxd1 Nxe5 13. Rd8+ Rf8 14. Rxf8+ Kxf8 15. f4 Nc6 16. Bd3 Nb4 17. Be3 Nxd3 18. cxd3 Bf5 19. Rd1 Rd8 20. d4 c6 21. Kf2 b5 22. Kf3 h5 23. h3 b4 24. Ne4 Be6 25. Nc5 Bxa2 26. b3 Rd5 27. g4 a6 28. Rd2 Bb1 29. Rd1 Ba2 1/2-1/2

[Event "Scarborough CC Winter Swiss"]
[Site "Toronto CAN"]
[Date "2025.03.06"]
[Round "2.1"]
[White "Deepak, Laksshana"]
[Black "Chen, Larry Zhou"]
[Result "0-1"]
[Annotator "hugh_"]
[WhiteElo "2145"]
[BlackElo "1961"]
[WhiteFideId "-1"]
[WhiteFideId "-1"]
[PlyCount "36"]
[GameId "2227480620040909"]
[EventDate "2025.02.13"]
[EventType "swiss"]
[EventRounds "7"]
[EventCountry "CAN"]

1. d4 Nf6 2. Bf4 e6 3. Nf3 c5 4. e3 Nc6 5. c3 Be7 6. h3 O-O 7. Nbd2 d5 8. Bd3 Bd7 9. Qb1 Rc8 10. g4 g6 11. Ne5 cxd4 12. exd4 Nxe5 13. dxe5 Ne8 14. Bh6 Ng7 15. f4 Qb6 16. f5 exf5 17. gxf5 Bxf5 18. Bxf5 Nxf5 {Both scoresheets unreadable. Black won in 58 moves.} 0-1

[Event "Scarborough CC Winter Swiss"]
[Site "Toronto CAN"]
[Date "2025.03.06"]
[Round "2.2"]
[White "Hong, Zihan"]
[Black "Yang, Larry"]
[Result "0-1"]
[WhiteElo "1953"]
[BlackElo "2104"]
[WhiteFideId "-1"]
[WhiteFideId "-1"]
[PlyCount "50"]
[GameId "2227499104461528"]
[EventDate "2025.02.13"]
[EventType "swiss"]
[EventRounds "7"]
[EventCountry "CAN"]

1. d4 Nf6 2. Bf4 g6 3. Nc3 d5 4. e3 Bg7 5. h4 O-O 6. h5 c5 7. hxg6 hxg6 8. Qd2 Nc6 9. Nf3 Ne4 10. Nxe4 dxe4 11. Ne5 cxd4 12. Nxc6 bxc6 13. Rd1 Bg4 14. Be2 Bxe2 15. Kxe2 d3+ 16. cxd3 exd3+ 17. Qxd3 Qa5 18. Qb3 e5 19. Bh6 Rab8 20. Qc3 Qxa2 21. Rd2 Qa6+ 22. Rd3 Bxh6 23. Rxh6 Rfd8 24. Rh4 Rxd3 25. Qxd3 Rxb2+ 0-1

[Event "Scarborough CC Winter Swiss"]
[Site "Toronto CAN"]
[Date "2025.03.06"]
[Round "2.3"]
[White "Kola, Venkat Karthikeya R"]
[Black "Varakunan, Cadiron"]
[Result "1-0"]
[WhiteElo "2073"]
[BlackElo "1915"]
[WhiteFideId "-1"]
[WhiteFideId "-1"]
[PlyCount "47"]
[GameId "2227538159751904"]
[EventDate "2025.02.13"]
[EventType "swiss"]
[EventRounds "7"]
[EventCountry "CAN"]

1. d4 Nf6 2. c4 e6 3. Nc3 Bb4 4. Qb3 c5 5. dxc5 Nc6 6. Nf3 O-O 7. a3 Bxc5 8. e3 d5 9. cxd5 exd5 10. Be2 d4 11. exd4 Nxd4 12. Nxd4 Bxd4 13. O-O Be6 14. Qa4 Qb6 15. Bf4 a6 16. Qb4 Qa7 17. Bf3 Bxc3 18. Qxc3 Rac8 19. Qe5 Rfd8 20. Rfd1 b5 21. Be3 Qb8 22. Qxb8 Rxb8 23. Bf4 Bb3 24. Bxb8 1-0

[Event "Scarborough CC Winter Swiss"]
[Site "Toronto CAN"]
[Date "2025.03.06"]
[Round "2.4"]
[White "Southam, David"]
[Black "Pan, Julian"]
[Result "0-1"]
[WhiteElo "2045"]
[BlackElo "1847"]
[WhiteFideId "-1"]
[WhiteFideId "-1"]
[PlyCount "130"]
[GameId "2227540389102312"]
[EventDate "2025.02.13"]
[EventType "swiss"]
[EventRounds "7"]
[EventCountry "CAN"]

1. d4 d5 2. c4 e6 3. Nf3 Nf6 4. g3 Be7 5. Bg2 O-O 6. O-O Nbd7 7. Qc2 b6 8. cxd5 Nxd5 9. Nc3 Bb7 10. Rd1 Nb4 11. Qb1 f5 12. Ng5 Bxg5 13. Bxb7 Rb8 14. Bg2 Bxc1 15. Qxc1 Nf6 16. e3 Nbd5 17. Qc2 Qe7 18. Rac1 c6 19. a3 b5 20. b4 Rfc8 21. Nxd5 cxd5 22. Qxc8+ Rxc8 23. Rxc8+ Kf7 24. Rdc1 Kg6 25. R8c7 Qe8 26. f4 Ng4 27. R1c3 Qd8 28. Rxa7 Qb6 29. Ra5 Nf6 30. Bf3 Nd7 31. Be2 Nf6 32. Bxb5 Qb7 33. Bd3 Ng4 34. Be2 Nf6 35. Bf3 h5 36. Rac5 Qa7 37. Rc6 Ne4 38. Bxe4 fxe4 39. Rxe6+ Kh7 40. Kf2 Qa4 41. Ke1 Qd7 42. f5 Qf7 43. Re5 h4 44. g4 h3 45. Kf2 Qf6 46. Kg3 Qa6 47. Kf2 Qf6 48. Kg3 Qa6 49. Rxd5 Qf1 50. Rdc5 Qg2+ 51. Kh4 Qxh2 52. f6 gxf6 53. Rf5 Qg2 54. Rc1 h2 55. Rff1 Kg6 56. d5 Qd2 57. Rcd1 h1=Q+ 58. Rxh1 Qf2+ 59. Kh3 Qxe3+ 60. Kh2 Qf2+ 61. Kh3 Kg5 62. Rhg1 Qf3+ 63. Kh2 Kh4 64. Rgf1 Qe2+ 65. Kh1 Kh3 0-1

[Event "Scarborough CC Winter Swiss"]
[Site "Toronto CAN"]
[Date "2025.03.06"]
[Round "2.5"]
[White "Mao, Fengxi"]
[Black "Sekaran, Adithya"]
[Result "1-0"]
[WhiteElo "2345"]
[BlackElo "1758"]
[WhiteFideId "-1"]
[WhiteFideId "-1"]
[PlyCount "83"]
[GameId "2227550815830768"]
[EventDate "2025.02.13"]
[EventType "swiss"]
[EventRounds "7"]
[EventCountry "CAN"]

1. e4 c6 2. d4 d5 3. e5 Bf5 4. Nf3 e6 5. Be2 Nd7 6. O-O Be7 7. a4 a5 8. Na3 Nh6 9. c3 Bg6 10. Bxh6 gxh6 11. Qd2 Bg5 12. Nxg5 Qxg5 13. f4 Qe7 14. Bd3 f5 15. exf6 Nxf6 16. f5 exf5 17. Bxf5 Bxf5 18. Rxf5 O-O-O 19. Qxh6 Ng4 20. Qf4 Qe3+ 21. Qxe3 Nxe3 22. Rf3 Rde8 23. h3 Nc4 24. Nxc4 dxc4 25. Kf2 Rhg8 26. g4 Re7 27. Re1 Rxe1 28. Kxe1 Rg5 29. Rf8+ Kc7 30. Rf7+ Kd6 31. Rxh7 b5 32. Rh5 Rxh5 33. gxh5 Ke6 34. d5+ cxd5 35. axb5 d4 36. Kd2 d3 37. b6 Kd6 38. h6 Kc6 39. h7 Kxb6 40. h8=Q Kb5 41. Qe8+ Kc5 42. Qa4 1-0